| 000 | 01470nam a2200313 i 4500 | ||
|---|---|---|---|
| 001 | 186729 | ||
| 003 | SpMaBN | ||
| 005 | 20231212102048.0 | ||
| 008 | 170209s2011 sp a |||| | spa d | ||
| 020 | _a978-84-9860-332-3 | ||
| 080 | _a81(081) Michelena, Luis | ||
| 100 | 1 |
_aMichelena, Luis. _980916 |
|
| 245 | 1 | 0 |
_aObras completas. _nII, _pLingüística general / _cLuis Michelena ; al cuidado de Joseba A. Lakarra e Íñigo Ruiz Arzalluz. |
| 260 |
_aSan Sebastián : _bSeminario de Filología Vasca "Julio de Urquijo" = ; _aDonostia : _b"Julio de Urkixo" Filologia Mintegia ; _aSan Sebastián y Vitoria : _bUniversidad del País Vasco = ; _aDonostia y Gasteiz : _bEuskal Herriko Unibertsitatea, _c2011. |
||
| 300 |
_a1 v. (296 p.; 1 retr. del autor) ; _c24 cm. |
||
| 490 | 1 |
_aAnejos del Anuario del Seminario de Filología Vasca "Julio de Urquijo" ; _v55 |
|
| 500 | _aÍndices. | ||
| 505 | 8 | _aContiene: v. 2 | |
| 546 | _aTextos en castellano y vasco. | ||
| 650 | 7 |
_aLingüística. _914463 |
|
| 700 | 1 |
_aLakarra Andrinua, Joseba. _9161683 |
|
| 700 | 1 |
_aRuiz Arzálluz, Iñigo. _9100660 |
|
| 830 | 0 |
_aAnejos del Anuario del Seminario de Filología Vasca "Julio de Urquijo" ; _v55 _9225462 |
|
| 852 |
_aES-MaACL _jA-14012 _9193786 _bR.151335 _cDEPO1 _dOlim: N-7012 _hDonacion: Real Academia Española |
||
| 914 |
_96336 _aReal Academia Española _ednr |
||
| 942 |
_2udc _cMONOGRAFIA |
||
| 999 |
_c186729 _d186729 |
||